000 00499nam a22002057a 4500
003 UA-OsUOA
001 41357
007 ta
008 20060920b un ||||| |||| 00| 0 ukr d
090 _a016:355
942 _cBK
040 _aUA-OsUOA
_beng
_cUA-OsUOA
_dUA-OsUOA
245 _aUSSR:strategic survey
300 _a237 с.
955 _a2
041 _aeng
080 _a016:355
650 7 _a01 Бібліографія і бібліографії. Каталоги
_2UDC
999 _c327505
_d327505